000 00474nam a22001817a 4500
999 _c11042
_d11042
003 OSt
008 201119b ||||| |||| 00| 0 eng d
020 _a9789352868599
082 _a004.678
_bDEI
100 _aDEITEL, Paul
245 _aInternet and World Wide Web: How to Program
250 _a7th Imp 5th Ed
260 _aNew Delhi
_bPearson
_c2021
300 _a962
650 _aBachelor of Commerce
700 _aDEITEL, Harvey and DEITEL, Abbey
942 _2ddc
_cBK